[Event "WTCC-65 2018"]
[Site "Radebeul"]
[Date "2018.07.07"]
[Round "1"]
[White "Jorgensen, Arne Bjorn"]
[Black "Zhelnin, Vladimir V"]
[Result "0-1"]
[WhiteElo "1974"]
[BlackElo "2453"]
[Annotator "ChessBase"]
[PlyCount "90"]
[EventDate "2018.07.07"]
[EventType "team-tourn"]
[EventCountry "GER"]
[SourceTitle "playchess.com"]
[Source "ChessBase"]
[SourceQuality "1"]
[TimeControl "40/5400+30:1800+30"]

1. d4 {[%emt 0:00:00]} Nf6 {[%emt 0:00:01]} 2. Nf3 {[%emt 0:00:00]} g6 {[%emt 0:01:13]} 3. c4 {[%emt 0:00:00]} Bg7 {[%emt 0:01:03]} 4. Nc3 {[%emt 0:00:00]} O-O {[%emt 0:00:25]} 5. e4 {[%emt 0:00:22]} d6 {[%emt 0:00:24]} 6. Be2 {[%emt 0:00:22]} Nbd7 {[%emt 0:01:07]} 7. O-O {[%emt 0:00:59]} e5 {[%emt 0:00:05]} 8. dxe5 {[%emt 0:00:39]} dxe5 {[%emt 0:00:32]} 9. Bg5 {[%emt 0:02:42]} h6 {[%emt 0:03:19]} 10. Bxf6 {[%emt 0:00:39]} Qxf6 {[%emt 0:02:25]} 11. b4 {[%emt 0:04:29]} c6 {[%emt 0:08:47]} 12. Qd2 {[%emt 0:07:39]} Re8 {[%emt 0:04:06]} 13. c5 {[%emt 0:07:57]} Nf8 {[%emt 0:00:51]} 14. Bc4 {[%emt 0:03:28]} Ne6 {[%emt 0:05:36]} 15. Bxe6 {[%emt 0:04:36]} Bxe6 {[%emt 0:00:12]} 16. Rfd1 {[%emt 0:01:21]} a5 {[%emt 0:10:07]} 17. a3 {[%emt 0:03:40]} Red8 {[%emt 0:05:18]} 18. Qe2 {[%emt 0:03:18]} axb4 {[%emt 0:02:00]} 19. axb4 {[%emt 0:01:05]} Qe7 {[%emt 0:01:07]} 20. Rxd8+ {[%emt 0:11:44]} Rxd8 {[%emt 0:00:18]} 21. Rb1 {[%emt 0:04:22]} Qc7 {[%emt 0:03:04]} 22. h3 {[%emt 0:04:30]} Ra8 {[%emt 0:02:09]} 23. Qb2 {[%emt 0:05:55]} Bc4 {[%emt 0:11:18]} 24. Nd2 {[%emt 0:02:08]} Bd3 {[%emt 0:02:14]} 25. Rd1 {[%emt 0:02:38]} Rd8 {[%emt 0:07:03]} 26. Qb3 {[%emt 0:02:13]} Ba6 {[%emt 0:09:56]} 27. Nf3 {[%emt 0:07:07]} Bf6 {[%emt 0:09:02]} 28. Rxd8+ {[%emt 0:02:18]} Qxd8 {[%emt 0:00:12]} 29. Qd1 {[%emt 0:01:17]} Qxd1+ {[%emt 0:01:14]} 30. Nxd1 {[%emt 0:00:02]} Bd3 {[%emt 0:01:20]} 31. Nc3 {[%emt 0:01:15]} Kf8 {[%emt 0:00:20]} 32. Ne1 {[%emt 0:01:28]} Ba6 {[%emt 0:00:19]} 33. Nc2 {[%emt 0:01:58]} Ke7 {[%emt 0:00:57]} 34. g3 {[%emt 0:00:58]} Ke6 {[%emt 0:00:18]} 35. Kg2 {[%emt 0:00:29]} h5 {[%emt 0:02:43]} 36. h4 {[%emt 0:01:23]} Bg7 {[%emt 0:00:34]} 37. Kf3 {[%emt 0:01:58]} f5 {[%emt 0:02:04]} 38. Na3 {[%emt 0:05:52]} Bh6 {[%emt 0:01:29]} 39. b5 {[%emt 0:01:19]} cxb5 {[%emt 0:00:18]} 40. Naxb5 {[%emt 0:00:34]} Kd7 {[%emt 0:01:35]} 41. Nd6 {[%emt 0:32:39]} Bd2 {[%emt 0:30:53]} 42. Nd5 {[%emt 0:00:53]} Kc6 {[%emt 0:01:46]} 43. Nf7 {[%emt 0:01:33]} Kxc5 {[%emt 0:00:23]} 44. Nxe5 {[%emt 0:00:45]} Kd4 {[%emt 0:00:46]} 45. exf5 {[%emt 0:00:00]} gxf5 {[%emt 0:00:00]} 0-1

[Event "WTCC-65 2018"]
[Site "Radebeul"]
[Date "2018.07.07"]
[Round "1"]
[White "Seibt, Manfred"]
[Black "Buchal, Stephan"]
[Result "0-1"]
[WhiteElo "1967"]
[BlackElo "2329"]
[Annotator "NA"]
[PlyCount "90"]
[EventDate "2018.07.07"]
[EventType "team-tourn"]
[EventCountry "GER"]
[SourceTitle "playchess.com"]
[Source "ChessBase"]
[SourceQuality "1"]
[TimeControl "40/5400+30:1800+30"]

1. d4 {[%emt 0:00:00]} g6 {[%emt 0:00:00]} 2. c4 {[%emt 0:00:00]} Bg7 {[%emt 0:00:00]} 3. Nc3 {[%emt 0:00:15]} d6 {[%emt 0:00:00]} 4. e4 {[%emt 0:00:20]} Nf6 {[%emt 0:00:07]} 5. f3 {[%emt 0:00:27]} O-O {[%emt 0:00:28]} 6. Be3 {[%emt 0:00:14]} a6 {[%emt 0:00:41]} 7. Qd2 {[%emt 0:02:45]} Nc6 {[%emt 0:01:28]} 8. Nge2 {[%emt 0:04:12]} Na5 {[%emt 0:01:14]} 9. Nc1 {[%emt 0:08:35]} Nd7 {[%emt 0:02:23]} 10. Be2 {[%emt 0:03:30]} c5 {[%emt 0:05:38]} 11. Nb3 {[%emt 0:02:58]} Nxb3 {[%emt 0:20:06]} 12. axb3 {[%emt 0:01:46]} e6 {[%emt 0:13:40]} 13. d5 {[%emt 0:05:52]} exd5 {[%emt 0:08:35]} 14. Nxd5 {[%emt 0:01:36]} Ne5 {[%emt 0:02:25]} 15. O-O {[%emt 0:01:30]} Nc6 {[%emt 0:03:32]} 16. Rad1 {[%emt 0:12:24]} Be6 {[%emt 0:03:25]} 17. Bg5 {[%emt 0:11:14]} Bd4+ {[%emt 0:03:04]} 18. Kh1 {[%emt 0:01:13]} f6 {[%emt 0:00:29]} 19. Be3 {[%emt 0:01:38]} Bxd5 {[%emt 0:04:57]} 20. exd5 {[%emt 0:04:12]} Bxe3 {[%emt 0:01:16]} 21. Qxe3 {[%emt 0:00:12]} Nd4 {[%emt 0:00:58]} 22. Rd2 {[%emt 0:04:24]} Re8 {[%emt 0:02:22]} 23. Qd3 {[%emt 0:01:12]} Qb6 {[%emt 0:00:59]} 24. Bd1 {[%emt 0:01:27]} Re7 {[%emt 0:00:32]} 25. Qc3 {[%emt 0:02:30]} a5 {[%emt 0:03:26]} 26. Rd3 {[%emt 0:01:15]} Rae8 {[%emt 0:01:59]} 27. Qd2 {[%emt 0:00:53]} Qb4 {[%emt 0:03:33]} 28. Qxb4 {[%emt 0:01:13]} axb4 {[%emt 0:00:02]} 29. Kg1 {[%emt 0:01:54]} Re3 {[%emt 0:04:08]} 30. Rxe3 {[%emt 0:03:30]} Rxe3 {[%emt 0:00:03]} 31. Kf2 {[%emt 0:00:27]} Rd3 {[%emt 0:02:05]} 32. Ke1 {[%emt 0:05:17]} Kf7 {[%emt 0:02:05]} 33. f4 {[%emt 0:04:05]} f5 {[%emt 0:02:07]} 34. Rg1 {[%emt 0:01:06]} Kf6 {[%emt 0:03:22]} 35. Rf1 {[%emt 0:01:03]} h6 {[%emt 0:00:23]} 36. h4 g5 {[%emt 0:02:19]} 37. hxg5+ hxg5 38. fxg5+ {[%emt 0:06:21]} Kxg5 {[%emt 0:00:35]} 39. Rh1 {[%emt 0:00:18]} Rg3 {[%emt 0:02:59]} 40. Kf2 {[%emt 0:01:04]} Rd3 {[%emt 0:00:11]} 41. Ke1 {[%emt 0:31:14]} Nxb3 {[%emt 0:06:28]} 42. Rh5+ {[%emt 0:00:00]} Kg6 {[%emt 0:03:37]} 43. Rh8 {[%emt 0:00:00]} Nd2 {[%emt 0:05:40]} 44. Bc2 {[%emt 0:00:00]} Rd4 {[%emt 0:00:22]} 45. Re8 {[%emt 0:00:00]} Nxc4 {[%emt 0:01:56]} 0-1

[Event "WTCC-65 2018"]
[Site "Radebeul"]
[Date "2018.07.07"]
[Round "1"]
[White "Van Kemenade, Rudy"]
[Black "Karasev, Vladimir I"]
[Result "0-1"]
[WhiteElo "1948"]
[BlackElo "2337"]
[Annotator "NA"]
[PlyCount "46"]
[EventDate "2018.07.07"]
[EventType "team-tourn"]
[EventCountry "GER"]
[SourceTitle "playchess.com"]
[Source "ChessBase"]
[SourceQuality "1"]
[TimeControl "40/5400+30:1800+30"]

1. f4 {[%emt 0:00:00]} e5 {[%emt 0:00:00]} 2. fxe5 {[%emt 0:00:00]} d6 {[%emt 0:00:00]} 3. exd6 {[%emt 0:00:00]} Bxd6 {[%emt 0:00:00]} 4. Nf3 {[%emt 0:00:00]} g5 {[%emt 0:00:08]} 5. g3 {[%emt 0:00:00]} g4 {[%emt 0:04:07]} 6. Nh4 {[%emt 0:00:27]} Be7 {[%emt 0:00:50]} 7. Ng2 {[%emt 0:00:07]} h5 {[%emt 0:00:08]} 8. d4 {[%emt 0:00:10]} h4 {[%emt 0:00:13]} 9. Bf4 {[%emt 0:00:12]} h3 {[%emt 0:13:11]} 10. Ne3 {[%emt 0:00:47]} Nf6 {[%emt 0:01:53]} 11. Qd3 {[%emt 0:00:58]} Nc6 {[%emt 0:01:49]} 12. c3 {[%emt 0:01:50]} Be6 {[%emt 0:03:07]} 13. Nd2 {[%emt 0:02:16]} Qd7 {[%emt 0:08:45]} 14. b3 {[%emt 0:01:29]} O-O-O {[%emt 0:02:48]} 15. O-O-O {[%emt 0:00:19]} Nh5 {[%emt 0:02:21]} 16. Nec4 {[%emt 0:00:44]} Nxf4 {[%emt 0:00:53]} 17. gxf4 {[%emt 0:00:15]} f5 {[%emt 0:02:52]} 18. Ne5 {[%emt 0:02:57]} Nxe5 {[%emt 0:00:39]} 19. dxe5 {[%emt 0:00:12]} Qc6 {[%emt 0:00:16]} 20. e4 {[%emt 0:00:28]} Rxd3 {[%emt 0:00:08]} 21. Bxd3 {[%emt 0:00:08]} Qxc3+ {[%emt 0:00:04]} 22. Bc2 {[%emt 0:00:11]} Ba3+ {[%emt 0:00:04]} 23. Kb1 {[%emt 0:00:05]} Qb2# 0-1

[Event "WTCC-65 2018"]
[Site "Radebeul"]
[Date "2018.07.07"]
[Round "1"]
[White "Choong, Liong On Mark"]
[Black "Baum, Bernd"]
[Result "0-1"]
[WhiteElo "1923"]
[BlackElo "2280"]
[Annotator "NA"]
[PlyCount "70"]
[EventDate "2018.07.07"]
[EventType "team-tourn"]
[EventCountry "GER"]
[SourceTitle "playchess.com"]
[Source "ChessBase"]
[SourceQuality "1"]
[TimeControl "40/5400+30:1800+30"]

1. c4 {[%emt 0:00:00]} c5 {[%emt 0:00:14]} 2. g3 {[%emt 0:00:18]} Nc6 {[%emt 0:00:29]} 3. Bg2 {[%emt 0:00:14]} g6 4. Nc3 {[%emt 0:02:22]} Bg7 {[%emt 0:00:37]} 5. d3 {[%emt 0:01:09]} d6 {[%emt 0:00:30]} 6. Rb1 {[%emt 0:03:43]} e5 {[%emt 0:02:03]} 7. a3 {[%emt 0:01:18]} a5 {[%emt 0:01:54]} 8. Nf3 {[%emt 0:06:00]} Nge7 {[%emt 0:00:23]} 9. O-O {[%emt 0:00:49]} O-O {[%emt 0:00:05]} 10. e3 {[%emt 0:01:57]} h6 {[%emt 0:03:08]} 11. Ne1 {[%emt 0:04:51]} Be6 {[%emt 0:00:46]} 12. Nd5 {[%emt 0:00:43]} Rb8 {[%emt 0:01:32]} 13. Bd2 {[%emt 0:04:50]} b5 {[%emt 0:02:38]} 14. b3 {[%emt 0:06:26]} Qd7 {[%emt 0:00:44]} 15. Nc2 {[%emt 0:01:44]} f5 {[%emt 0:05:30]} 16. Nxe7+ {[%emt 0:04:36]} Nxe7 {[%emt 0:00:06]} 17. Bxa5 {[%emt 0:00:21]} d5 {[%emt 0:03:06]} 18. Qe2 {[%emt 0:14:08]} bxc4 {[%emt 0:10:46]} 19. bxc4 {[%emt 0:01:36]} dxc4 {[%emt 0:02:15]} 20. dxc4 {[%emt 0:08:53]} Qa4 {[%emt 0:02:20]} 21. Bc7 {[%emt 0:01:13]} Bxc4 {[%emt 0:07:49]} 22. Qd2 {[%emt 0:01:07]} Rbc8 {[%emt 0:04:20]} 23. Qd6 {[%emt 0:13:29]} Bxf1 {[%emt 0:03:06]} 24. Bxf1 {[%emt 0:05:26]} Qxc2 {[%emt 0:10:20]} 25. Bd3 {[%emt 0:03:00]} Qc3 {[%emt 0:01:19]} 26. Rb7 {[%emt 0:01:18]} Bf6 {[%emt 0:15:11]} 27. a4 {[%emt 0:03:11]} Qa1+ {[%emt 0:02:37]} 28. Bf1 {[%emt 0:01:33]} Qxa4 {[%emt 0:10:36]} 29. Qe6+ {[%emt 0:00:18]} Rf7 {[%emt 0:04:32]} 30. Bc4 {[%emt 0:01:33]} Rcf8 {[%emt 0:01:37]} 31. Rb8 {[%emt 0:00:21]} Kg7 {[%emt 0:00:27]} 32. Bxe5 {[%emt 0:00:39]} Qa7 {[%emt 0:02:21]} 33. Re8 {[%emt 0:02:46]} Ng8 {[%emt 0:00:54]} 34. Bd5 {[%emt 0:03:35]} Rxe8 {[%emt 0:01:23]} 35. Qxe8 {[%emt 0:00:31]} Qd7 {[%emt 0:00:08]} 0-1

[Event "WTCC-65 2018"]
[Site "Radebeul"]
[Date "2018.07.07"]
[Round "1"]
[White "Bhopal, Raj"]
[Black "Emerson, Roger"]
[Result "1/2-1/2"]
[WhiteElo "1906"]
[BlackElo "2211"]
[Annotator "NA"]
[PlyCount "55"]
[EventDate "2018.07.07"]
[EventType "team-tourn"]
[EventCountry "GER"]
[SourceTitle "playchess.com"]
[Source "ChessBase"]
[SourceQuality "1"]
[TimeControl "40/5400+30:1800+30"]

1. e4 {[%emt 0:00:00]} c5 {[%emt 0:00:00]} 2. Nf3 {[%emt 0:00:00]} e6 {[%emt 0:00:14]} 3. Nc3 {[%emt 0:00:05]} Nc6 {[%emt 0:00:13]} 4. Be2 {[%emt 0:01:08]} a6 {[%emt 0:03:52]} 5. O-O {[%emt 0:02:08]} Nf6 {[%emt 0:01:20]} 6. Re1 {[%emt 0:01:51]} Be7 {[%emt 0:02:18]} 7. d4 {[%emt 0:03:05]} cxd4 {[%emt 0:00:47]} 8. Nxd4 {[%emt 0:00:10]} Qc7 {[%emt 0:00:13]} 9. Nxc6 {[%emt 0:06:31]} dxc6 {[%emt 0:01:26]} 10. Be3 {[%emt 0:04:02]} b5 {[%emt 0:06:45]} 11. Bf3 {[%emt 0:02:39]} e5 {[%emt 0:01:04]} 12. Qe2 {[%emt 0:08:18]} Be6 {[%emt 0:05:30]} 13. Red1 {[%emt 0:01:17]} O-O {[%emt 0:01:11]} 14. a4 {[%emt 0:07:14]} b4 {[%emt 0:09:53]} 15. Nb1 {[%emt 0:02:00]} c5 {[%emt 0:00:34]} 16. Nd2 {[%emt 0:03:07]} c4 {[%emt 0:02:52]} 17. Nf1 {[%emt 0:01:45]} a5 {[%emt 0:01:41]} 18. Bg5 {[%emt 0:02:13]} Rad8 {[%emt 0:08:56]} 19. Ne3 {[%emt 0:05:38]} Rxd1+ {[%emt 0:03:00]} 20. Rxd1 {[%emt 0:04:17]} Re8 {[%emt 0:04:51]} 21. Bxf6 {[%emt 0:03:45]} Bxf6 {[%emt 0:04:34]} 22. Bg4 {[%emt 0:04:21]} c3 {[%emt 0:10:10]} 23. b3 {[%emt 0:02:45]} Rd8 {[%emt 0:03:38]} 24. Bxe6 {[%emt 0:03:45]} fxe6 {[%emt 0:00:09]} 25. Rd3 {[%emt 0:07:34]} Rd4 {[%emt 0:01:13]} 26. Nc4 {[%emt 0:05:14]} Qd8 {[%emt 0:01:59]} 27. Rxd4 {[%emt 0:01:21]} exd4 {[%emt 0:03:39]} 28. Qd3 {[%emt 0:00:47]} 1/2-1/2

[Event "WTCC-65 2018"]
[Site "Radebeul"]
[Date "2018.07.07"]
[Round "1"]
[White "Seah, Eddy"]
[Black "Kierzek, Matthias"]
[Result "0-1"]
[WhiteElo "1900"]
[BlackElo "2247"]
[Annotator "NA"]
[PlyCount "73"]
[EventDate "2018.07.07"]
[EventType "team-tourn"]
[EventCountry "GER"]
[SourceTitle "playchess.com"]
[Source "ChessBase"]
[SourceQuality "1"]
[TimeControl "40/5400+30:1800+30"]

1. e4 {[%emt 0:00:00]} c6 {[%emt 0:00:00]} 2. d4 {[%emt 0:00:00]} d5 {[%emt 0:00:00]} 3. exd5 {[%emt 0:00:13]} cxd5 {[%emt 0:00:00]} 4. Bd3 {[%emt 0:00:10]} Nc6 {[%emt 0:00:12]} 5. c3 {[%emt 0:00:00]} Qc7 {[%emt 0:00:35]} 6. Ne2 {[%emt 0:01:35]} Bg4 {[%emt 0:00:46]} 7. f3 {[%emt 0:00:27]} Bd7 {[%emt 0:00:15]} 8. Bf4 {[%emt 0:01:29]} e5 {[%emt 0:00:07]} 9. dxe5 Nxe5 10. a4 {[%emt 0:10:10]} Bd6 {[%emt 0:04:45]} 11. Bg3 {[%emt 0:04:04]} Ne7 {[%emt 0:10:07]} 12. Bc2 {[%emt 0:11:59]} O-O {[%emt 0:12:40]} 13. b3 {[%emt 0:03:03]} Rad8 {[%emt 0:08:49]} 14. Nd4 {[%emt 0:04:06]} a6 {[%emt 0:03:53]} 15. O-O {[%emt 0:02:15]} N7c6 {[%emt 0:06:05]} 16. Nf5 {[%emt 0:01:46]} Bxf5 {[%emt 0:00:41]} 17. Bxf5 {[%emt 0:00:04]} d4 {[%emt 0:03:01]} 18. c4 {[%emt 0:03:47]} Nb4 {[%emt 0:10:47]} 19. Kh1 {[%emt 0:05:26]} d3 {[%emt 0:08:08]} 20. Na3 {[%emt 0:04:13]} Nec6 {[%emt 0:03:28]} 21. Bxd6 {[%emt 0:03:12]} Rxd6 {[%emt 0:00:33]} 22. Qd2 {[%emt 0:03:32]} Qa5 {[%emt 0:04:42]} 23. Be4 {[%emt 0:05:10]} Qc5 {[%emt 0:05:01]} 24. Qf2 {[%emt 0:07:51]} Qxf2 {[%emt 0:04:04]} 25. Rxf2 {[%emt 0:00:02]} f5 {[%emt 0:00:41]} 26. Bxc6 {[%emt 0:04:44]} bxc6 {[%emt 0:00:09]} 27. Rd2 {[%emt 0:05:35]} Re8 {[%emt 0:01:43]} 28. Kg1 {[%emt 0:02:02]} Rde6 {[%emt 0:02:25]} 29. Rad1 Re1+ {[%emt 0:00:44]} 30. Kf2 {[%emt 0:09:59]} R8e2+ {[%emt 0:01:17]} 31. Kg3 {[%emt 0:00:05]} Rxd2 {[%emt 0:02:35]} 32. Rxe1 {[%emt 0:01:55]} Rb2 {[%emt 0:00:34]} 33. c5 {[%emt 0:01:24]} f4+ {[%emt 0:01:24]} 34. Kxf4 {[%emt 0:00:54]} d2 {[%emt 0:00:14]} 35. Rd1 {[%emt 0:02:02]} Nd5+ {[%emt 0:00:18]} 36. Ke5 {[%emt 0:01:56]} Ne3 37. Kd4 0-1

[Event "WTCC-65 2018"]
[Site "Radebeul"]
[Date "2018.07.07"]
[Round "1"]
[White "Belinchis, Valerii"]
[Black "Gruzmann, Boris"]
[Result "0-1"]
[WhiteElo "1881"]
[BlackElo "2176"]
[Annotator "NA"]
[PlyCount "96"]
[EventDate "2018.07.07"]
[EventType "team-tourn"]
[EventCountry "GER"]
[SourceTitle "playchess.com"]
[Source "ChessBase"]
[SourceQuality "1"]
[TimeControl "40/5400+30:1800+30"]

1. d4 {[%emt 0:00:00]} Nf6 {[%emt 0:00:00]} 2. c4 {[%emt 0:00:00]} g6 {[%emt 0:00:00]} 3. Nc3 {[%emt 0:00:06]} Bg7 {[%emt 0:00:13]} 4. e4 {[%emt 0:00:13]} d6 {[%emt 0:00:09]} 5. f3 {[%emt 0:00:13]} Nc6 {[%emt 0:00:39]} 6. Be3 {[%emt 0:00:53]} a6 {[%emt 0:00:15]} 7. Qd2 {[%emt 0:00:59]} Rb8 {[%emt 0:00:36]} 8. Nge2 {[%emt 0:03:14]} b5 {[%emt 0:00:49]} 9. Nc1 {[%emt 0:03:04]} bxc4 {[%emt 0:07:17]} 10. Bxc4 {[%emt 0:01:02]} e5 {[%emt 0:00:23]} 11. Nb3 {[%emt 0:12:11]} Rb4 {[%emt 0:03:33]} 12. dxe5 {[%emt 0:01:35]} dxe5 {[%emt 0:15:31]} 13. Qxd8+ {[%emt 0:05:38]} Nxd8 {[%emt 0:00:12]} 14. Be2 {[%emt 0:05:34]} Ne6 {[%emt 0:01:25]} 15. O-O-O {[%emt 0:12:42]} O-O {[%emt 0:06:36]} 16. Nc5 {[%emt 0:06:57]} Nd4 {[%emt 0:04:26]} 17. Bf1 {[%emt 0:04:48]} a5 {[%emt 0:14:15]} 18. Nd3 {[%emt 0:01:12]} Rb7 {[%emt 0:10:43]} 19. Nxe5 {[%emt 0:02:22]} c5 {[%emt 0:00:33]} 20. Nc4 {[%emt 0:04:06]} Ra7 {[%emt 0:06:06]} 21. e5 {[%emt 0:08:29]} Nd7 {[%emt 0:02:22]} 22. f4 {[%emt 0:01:20]} f6 {[%emt 0:01:59]} 23. Nd6 {[%emt 0:01:49]} Ba6 {[%emt 0:02:25]} 24. Rxd4 Bxf1 {[%emt 0:04:40]} 25. e6 {[%emt 0:08:10]} cxd4 {[%emt 0:05:38]} 26. Bxd4 {[%emt 0:01:23]} Ra6 {[%emt 0:00:23]} 27. exd7 {[%emt 0:03:10]} Rxd6 {[%emt 0:05:57]} 28. Bc5 {[%emt 0:00:27]} Rxd7 {[%emt 0:01:45]} 29. Bxf8 {[%emt 0:00:31]} Bxg2 {[%emt 0:00:15]} 30. Rg1 {[%emt 0:00:44]} Bc6 {[%emt 0:01:11]} 31. Bxg7 {[%emt 0:01:24]} Kxg7 {[%emt 0:00:09]} 32. Rd1 {[%emt 0:01:26]} Rxd1+ {[%emt 0:01:13]} 33. Kxd1 {[%emt 0:00:50]} Kf7 {[%emt 0:00:09]} 34. Ke2 {[%emt 0:00:59]} Ke6 {[%emt 0:00:07]} 35. Ke3 {[%emt 0:00:29]} Kf5 {[%emt 0:00:11]} 36. Ne2 {[%emt 0:01:33]} Kg4 {[%emt 0:00:32]} 37. b3 {[%emt 0:01:22]} Kh3 {[%emt 0:01:28]} 38. Nd4 {[%emt 0:01:13]} Bd7 {[%emt 0:00:18]} 39. a3 Kxh2 {[%emt 0:00:35]} 40. b4 {[%emt 0:01:13]} axb4 {[%emt 0:01:09]} 41. axb4 {[%emt 0:30:08]} Kg3 {[%emt 0:31:09]} 42. b5 {[%emt 0:00:43]} h5 {[%emt 0:00:00]} 43. b6 {[%emt 0:00:00]} Bc8 {[%emt 0:00:00]} 44. f5 {[%emt 0:00:00]} g5 {[%emt 0:00:00]} 45. Nc6 {[%emt 0:00:00]} h4 {[%emt 0:00:00]} 46. Ne7 {[%emt 0:00:00]} Bb7 {[%emt 0:00:00]} 47. Ng8 {[%emt 0:00:00]} h3 {[%emt 0:00:00]} 48. Nxf6 {[%emt 0:00:00]} h2 {[%emt 0:00:00]} 0-1

[Event "WTCC-65 2018"]
[Site "Radebeul"]
[Date "2018.07.08"]
[Round "2"]
[White "Rashkovsky, Nukhim N"]
[Black "Villing, Dieter"]
[Result "1-0"]
[WhiteElo "2483"]
[BlackElo "2113"]
[Annotator "ChessBase"]
[PlyCount "37"]
[EventDate "2018.07.07"]
[EventType "team-tourn"]
[EventCountry "GER"]
[SourceTitle "playchess.com"]
[Source "ChessBase"]
[SourceQuality "1"]
[TimeControl "40/5400+30:1800+30"]

1. Nc3 {[%emt 0:00:00]} e5 {[%emt 0:01:13]} 2. Nf3 {[%emt 0:00:00]} d6 {[%emt 0:02:09]} 3. d4 {[%emt 0:00:16]} Nd7 {[%emt 0:01:32]} 4. g3 {[%emt 0:01:43]} Ngf6 {[%emt 0:01:01]} 5. Bg2 {[%emt 0:00:36]} Be7 {[%emt 0:01:02]} 6. O-O {[%emt 0:00:13]} O-O {[%emt 0:00:22]} 7. e4 {[%emt 0:00:31]} c6 {[%emt 0:00:38]} 8. a4 {[%emt 0:00:12]} a5 {[%emt 0:00:58]} 9. Re1 {[%emt 0:00:52]} Re8 {[%emt 0:00:49]} 10. h3 {[%emt 0:00:15]} Qc7 {[%emt 0:15:19]} 11. Be3 {[%emt 0:00:20]} Qb8 {[%emt 0:02:25]} 12. Bf1 {[%emt 0:06:40]} Bd8 {[%emt 0:19:35]} 13. Nd2 {[%emt 0:01:21]} d5 {[%emt 0:10:27]} 14. exd5 {[%emt 0:16:17]} cxd5 {[%emt 0:01:20]} 15. Nb5 {[%emt 0:00:32]} Bb6 {[%emt 0:11:34]} 16. Nf3 {[%emt 0:02:46]} Ne4 {[%emt 0:08:07]} 17. c4 {[%emt 0:01:11]} Ndf6 {[%emt 0:09:29]} 18. dxe5 {[%emt 0:02:58]} Bxe3 {[%emt 0:00:26]} 19. Rxe3 {[%emt 0:00:02]} 1-0

[Event "WTCC-65 2018"]
[Site "Radebeul"]
[Date "2018.07.08"]
[Round "2"]
[White "Hort, Vlastimil"]
[Black "Rooze, Jan"]
[Result "1-0"]
[WhiteElo "2421"]
[BlackElo "2314"]
[Annotator "ChessBase"]
[PlyCount "119"]
[EventDate "2018.07.07"]
[EventType "team-tourn"]
[EventCountry "GER"]
[SourceTitle "playchess.com"]
[Source "ChessBase"]
[SourceQuality "1"]
[TimeControl "40/5400+30:1800+30"]

1. e4 {[%emt 0:00:00]} c5 {[%emt 0:00:00]} 2. Nc3 {[%emt 0:00:00]} Nc6 {[%emt 0:00:20]} 3. Nge2 {[%emt 0:00:00]} g6 {[%emt 0:00:35]} 4. d4 {[%emt 0:02:06]} cxd4 {[%emt 0:00:45]} 5. Nxd4 {[%emt 0:00:09]} Bg7 {[%emt 0:00:02]} 6. Be3 {[%emt 0:00:11]} Nf6 {[%emt 0:00:03]} 7. Be2 {[%emt 0:08:22]} O-O {[%emt 0:00:30]} 8. O-O {[%emt 0:01:38]} d5 {[%emt 0:04:34]} 9. Nxc6 {[%emt 0:10:37]} bxc6 {[%emt 0:00:06]} 10. e5 {[%emt 0:01:22]} Ne4 {[%emt 0:02:40]} 11. f4 {[%emt 0:09:21]} Nxc3 {[%emt 0:08:06]} 12. bxc3 {[%emt 0:00:25]} f6 {[%emt 0:00:10]} 13. exf6 {[%emt 0:03:48]} exf6 {[%emt 0:03:21]} 14. Bd4 {[%emt 0:11:35]} Re8 {[%emt 0:03:10]} 15. Bf3 {[%emt 0:05:21]} Bf5 {[%emt 0:10:23]} 16. c4 {[%emt 0:09:08]} Be4 {[%emt 0:02:32]} 17. Re1 {[%emt 0:10:05]} Qc7 {[%emt 0:05:40]} 18. cxd5 {[%emt 0:07:53]} cxd5 {[%emt 0:00:49]} 19. Qd2 {[%emt 0:01:19]} Rac8 {[%emt 0:07:15]} 20. c3 {[%emt 0:00:38]} f5 {[%emt 0:02:31]} 21. Rac1 {[%emt 0:04:06]} Bh6 {[%emt 0:09:05]} 22. Be3 {[%emt 0:01:27]} Rcd8 {[%emt 0:02:25]} 23. Bd1 {[%emt 0:01:15]} Bf8 {[%emt 0:03:15]} 24. Bb3 {[%emt 0:00:34]} h6 {[%emt 0:03:17]} 25. Qf2 {[%emt 0:02:25]} Ba3 {[%emt 0:01:14]} 26. Rcd1 {[%emt 0:00:46]} Re7 {[%emt 0:04:15]} 27. Bd4 {[%emt 0:00:36]} Kh7 {[%emt 0:00:12]} 28. Qh4 {[%emt 0:02:54]} Re6 {[%emt 0:02:53]} 29. Re3 {[%emt 0:00:54]} Bf8 {[%emt 0:00:37]} 30. Rh3 {[%emt 0:02:28]} Rde8 {[%emt 0:01:10]} 31. Re1 {[%emt 0:00:42]} a5 {[%emt 0:01:21]} 32. Ree3 {[%emt 0:00:25]} g5 {[%emt 0:08:12]} 33. fxg5 {[%emt 0:00:28]} Qc6 {[%emt 0:03:54]} 34. gxh6 {[%emt 0:01:08]} Bc5 {[%emt 0:02:39]} 35. Qf2 {[%emt 0:01:07]} Bxd4 {[%emt 0:01:37]} 36. cxd4 {[%emt 0:00:05]} Rg8 {[%emt 0:01:53]} 37. Rhg3 {[%emt 0:00:32]} Rxg3 {[%emt 0:02:07]} 38. hxg3 {[%emt 0:01:50]} Rxh6 {[%emt 0:00:38]} 39. Re1 {[%emt 0:00:55]} Qg6 {[%emt 0:01:49]} 40. Bd1 {[%emt 0:00:16]} Qb6 {[%emt 0:02:41]} 41. Bf3 {[%emt 0:19:52]} Rf6 {[%emt 0:04:09]} 42. Rf1 {[%emt 0:04:14]} Kg6 {[%emt 0:06:42]} 43. Qe3 {[%emt 0:03:01]} Bxf3 {[%emt 0:09:02]} 44. gxf3 {[%emt 0:00:25]} Qb2 {[%emt 0:02:43]} 45. Rf2 {[%emt 0:00:35]} Qb1+ {[%emt 0:01:25]} 46. Kg2 {[%emt 0:00:08]} f4 {[%emt 0:01:11]} 47. Qe8+ {[%emt 0:00:32]} Kh6 {[%emt 0:01:48]} 48. Qe5 {[%emt 0:01:23]} Qg6 {[%emt 0:03:11]} 49. g4 {[%emt 0:00:20]} Qg5 {[%emt 0:00:08]} 50. Qxg5+ {[%emt 0:00:26]} Kxg5 {[%emt 0:00:05]} 51. Re2 {[%emt 0:00:04]} Rc6 {[%emt 0:00:51]} 52. Re5+ {[%emt 0:00:36]} Kg6 {[%emt 0:00:07]} 53. Rxd5 {[%emt 0:00:56]} Rc2+ {[%emt 0:00:05]} 54. Kh3 {[%emt 0:00:09]} Rxa2 {[%emt 0:00:30]} 55. Rf5 {[%emt 0:00:38]} a4 {[%emt 0:00:35]} 56. Rxf4 {[%emt 0:00:18]} Rd2 {[%emt 0:00:19]} 57. d5 {[%emt 0:00:48]} a3 {[%emt 0:00:19]} 58. Ra4 {[%emt 0:00:08]} a2 {[%emt 0:00:08]} 59. Ra6+ {[%emt 0:00:25]} Kf7 {[%emt 0:01:04]} 60. Kg3 {[%emt 0:00:20]} 1-0